| 000 | 01097nam a2200349 i 4500 | ||
|---|---|---|---|
| 003 | EG-GICUC | ||
| 005 | 20260425153950.0 | ||
| 008 | 260425s1911 enk||||fr|||| 00| 0 eng d | ||
| 040 |
_aEG-GiCUC _beng _cEG-GiCUC _dEG-GiCUC _erda |
||
| 041 |
_aeng _hspa |
||
| 082 | 0 | 4 |
_221 _a343.62 _bQU.M |
| 092 | 0 | 4 | _221 |
| 099 | _aLaw1 10 343.62 QU.M 1911 | ||
| 100 | 1 |
_aQuiros , C. Bernaldo _eAuthor. |
|
| 245 |
_aModern Theories of Criminality / _c C. Bernaldo De Quiros . |
||
| 264 |
_aLondon : _bWilliam Heinemann , _c1911. |
||
| 300 |
_a249 pages , _c24 cm |
||
| 336 |
_2rda content _atext |
||
| 337 |
_2rda media _aComputer |
||
| 338 |
_2rda carrier _aOnline Resource |
||
| 500 | _aIncludes Index Pages 243-249. | ||
| 546 | _aText in English | ||
| 650 | 1 | _aCriminal law | |
| 650 | 1 | _aTheories explaining criminal behavior | |
| 650 | 1 | _acriminal factors in general | |
| 651 | 1 | _2qrmak | |
| 700 | 1 |
_aAlfonso De Salvio _eTranslator. |
|
| 700 | 1 |
_aWm. W. Smithers _eContributor |
|
| 856 | 4 | 0 | _uhttps://fll.law.cu.edu.eg/fulltext/bks/B10-10954.pdf |
| 905 | _a60 | ||
| 942 |
_2ddc _cBK _e21 _n0 |
||
| 999 |
_c73343 _d73343 |
||